Усовершенствование технологии поливинилкарбазола: Заключительный отчет о НИР; Тема : х/д № 5 - 57/83

Dades bibliogràfiques
Autor corporatiu: Томский политехнический институт (ТПИ) (595)
Altres autors: Лопатинский В. П. Вадим Петрович (руководитель), Чернышова Н. Н. (исполнитель)
Sumari:Отчет о патентных исследованиях
Idioma:rus
Publicat: Томск, 1985
Matèries:
Format: MixedMaterials Llibre
KOHA link:https://koha.lib.tpu.ru/cgi-bin/koha/opac-detail.pl?biblionumber=155090

MARC

LEADER 00000nbm0a2200000 4500
001 155090
005 20231031152212.0
029 0 0 |a SU  |b 01840025328  |f ТПУ 
035 |a (RuTPU)RU\TPU\book\168224 
090 |a 155090 
100 |a 20090311d1985 k y0rusy50 ca 
101 0 |a rus 
102 |a RU 
105 |a a p 001zy 
200 1 |a Усовершенствование технологии поливинилкарбазола  |e Заключительный отчет о НИР  |e Тема : х/д № 5 - 57/83  |f Томский политехнический институт (ТПИ) ; руководитель В. П. Лопатинский ; Н. Н. Чернышова 
210 |a Томск  |d 1985 
215 |a 125 л. 
300 |a Отчет о патентных исследованиях 
320 |a Библиогр.: с. 83 - 94. 
610 1 |a поливинилкарбазол 
610 1 |a технология 
610 1 |a фоточувствительные материалы 
610 1 |a виниловые эфиры 
610 1 |a полимеры 
610 1 |a отчеты о НИР 
675 |a 678.74(04)  |v 3 
702 1 |a Лопатинский  |b В. П.  |c российский химик  |c Заслуженный профессор ТПУ  |f 1924-1999  |g Вадим Петрович  |2 stltpush  |3 (RuTPU)RU\TPU\pers\19835  |4 673 
702 1 |a Чернышова  |b Н. Н.  |4 677 
712 0 2 |a Томский политехнический институт (ТПИ)  |c (1944-1991)  |2 stltpush  |3 (RuTPU)RU\TPU\col\1123  |4 595 
801 1 |a RU  |b 63413507  |c 20090311  |g PSBO 
942 |c BK